Datum a čas kvízu
20.5
Celkem bodů
Celkový počet nahraných bodů na tomto kvízu bez doplňovacích otázek.
9.
Pořadí na kvízu
Konečné umístění týmu na tomto kvízu.
Zaznamenané odpovědi
| # | Otázka | Odpověď | Body | Výsledky |
|---|---|---|---|---|
| 1. | Od pondělí do čtvrtka brázdila... | Formule 1 | 1 | |
| 2. | V českých médiích se minulý tý... | kozy (a kozly) | 0 | |
| 3. | Který známý americký influence... | Jake Paul | 1 | |
| 4. | Ve čtvrtek byla v aukci v Los... | klobouk (Indiany Jonese) | 0 | |
| 5. | 21letá Andrea Klementová z Tře... | přeplavala kanál La Manche | 0 | |
| 6. | Na konci kterého amerického fi... | Hudbu složil, slova napsal (Music and Lyrics) | 1 | |
| 7. | Francouzská hudební komedie s... | Piti Piti Pa | 0 | |
| 8. | V hudební animované pohádce Tr... | Justin Timberlake | 1 | |
| 9. | V Hříšném tanci si zahráli hla... | Frances, Baby | 1 | |
| 10. | Který hudební film s Karlem Go... | Hvězda padá vzhůru | 0 |